[Event "Tourn. n9358"]
[Site "www.chess-mail.com"]
[Date "2017.08.01"]
[Round "1"]
[White "Stewartborst"]
[Black "Madz123456"]
[WhiteElo "1469"]
[BlackElo "1500"]
[Result "1-0"]
[Round "1"]
1.c4 e5
2.d3 Ng8f6
3.a3 Nb8c6
4.Ng1f3 d5
5.cxd5 Nf6xd5
6.e3 Bf8d6
7.e4 Nd5e7
8.Nb1c3 O-O
9.Bf1e2 Nc6d4
10.Bc1e3 c5
11.O-O a6
12.Nf3g5 h6
13.Ng5f3 b5
14.Be3xd4 cxd4
15.Nc3b1 Bc8e6
16.Nf3h4 g5
17.Nh4f3 Ne7g6
18.Kh1 g4
19.Nf3d2 h5
20.a4  { time }
1-0

[Event "Tourn. n9433"]
[Site "www.chess-mail.com"]
[Date "2017.08.01"]
[Round "1"]
[White "Bojan"]
[Black "Madz123456"]
[WhiteElo "1940"]
[BlackElo "1980"]
[Result "1-0"]
[Round "1"]
1.e4 c5
2.Ng1f3 d6
3.Bf1c4 Ng8f6
4.d3 e6
5.Qd1e2 Nb8c6
6.a3 Bf8e7
7.e5 dxe5
8.Nf3xe5 Nc6d4
9.Qe2d1 b5
10.Ne5c6 Nd4xc6
11.Bc4a2 Bc8b7
12.Bc1e3 O-O
13.f3 Nf6d5
14.Be3f2 Be7f6
15.c3 Nd5f4
16.a4 Nf4xd3
17.Ke2 Nd3f4
18.Ke3 Nf4xg2
19.Ke2 Nc6e5
20.Qd1xd8 Bb7xf3
21.Kf1 Rf8xd8
22.Nb1a3 Ng2f4
23.Rh1g1 Bf3e2
24.Ke1  { time }
1-0

[Event "Tourn. n9430"]
[Site "www.chess-mail.com"]
[Date "2017.08.01"]
[Round "1"]
[White "Dussek"]
[Black "Yakke"]
[WhiteElo "1759"]
[BlackElo "1840"]
[Result "1-0"]
[Round "1"]
1.Ng1f3 Nb8c6
2.e4 e5
3.Bf1b5 Nc6d4
4.Bb5c4 Ng8h6
5.h3 d6
6.O-O a6
7.Nb1c3 Bc8e6
8.d3 Be6xc4
9.dxc4 g6
10.Bc1g5 Qd8d7
11.Nf3xd4 c5
12.Nd4f3 Bf8g7
13.Qd1d2 Nh6g8
14.Nc3d5 Qd7c6
15.a4 Ng8f6
16.Nd5xf6 Bg7xf6
17.Bg5xf6 O-O
18.Qd2h6 { resign }
1-0

[Event "Tourn. n9330"]
[Site "www.chess-mail.com"]
[Date "2017.08.01"]
[Round "1"]
[White "Mihaiiorga"]
[Black "Sorento"]
[WhiteElo "2160"]
[BlackElo "2250"]
[Result "0-1"]
[Round "1"]
1.Ng1f3 f5
2.d3 Ng8f6
3.Nb1d2 e6
4.e4 Bf8e7
5.Bf1e2 O-O
6.O-O Nb8c6
7.a3 a5
8.exf5 exf5
9.Nd2b1 d5
10.Bc1g5 Bc8e6
11.Nb1d2 h6
12.Bg5xf6 Be7xf6
13.c3 d4
14.cxd4 Nc6xd4
15.Nf3xd4 Qd8xd4
16.Ra1b1 c6
17.Nd2c4 b5
18.Nc4e3 Ra8d8
19.Qd1d2 f4
20.Ne3c2 Qd4c5
21.Rf1c1 Qc5d6
22.Qd2xa5 Be6a2
23.Qa5b4 Ba2xb1
24.Rc1xb1 Rf8e8
25.Qb4b3 Kh8
26.Be2f3 Qd6xd3
27.Qb3xd3 Rd8xd3
28.Bf3xc6 Re8d8
29.h3 Rd3d1
30.Rb1xd1 Rd8xd1
31.Kh2 Bf6h4
32.Bc6xb5 Bh4xf2
 { time }
0-1

[Event "Tourn. n9432"]
[Site "www.chess-mail.com"]
[Date "2017.08.01"]
[Round "1"]
[White "Attatroll"]
[Black "Claymil"]
[WhiteElo "2020"]
[BlackElo "2040"]
[Result "1/2-1/2"]
[Round "1"]
1.e4 c5
2.Nb1c3 Nb8c6
3.g4 g6
4.Bf1g2 Bf8g7
5.h3 e6
6.d3 Ng8e7
7.Ng1f3 O-O
8.O-O d5
9.exd5 Ne7xd5
10.Nc3xd5 exd5
11.c3 b6
12.Bc1f4 Rf8e8
13.Rf1e1 Bc8b7
14.Qd1d2 Qd8d7
15.Re1xe8 Ra8xe8
16.Ra1e1 d4
17.c4 f6
18.Re1xe8 Qd7xe8
19.Qd2e1 Qe8xe1
20.Nf3xe1 Nc6d8
21.Bg2xb7 Nd8xb7
22.Ne1f3 Nb7a5
23.Bf4b8 Na5c6
24.Bb8c7 Kf7
25.Nf3d2 Ke6
26.Nd2e4 Kd7
27.Bc7g3 a5
28.a3 Nc6e5
29.Bg3xe5 fxe5
30.Kg2 h6
31.a4 Ke6
32.b3 Bg7f8
33.Kg3 Bf8e7
34.f4 exf4
35.Kxf4 g5
36.Kg3 Be7d8
37.Kf3 Bd8c7
38.Ne4f2 Ke5
39.Nf2e4 { draw }
1/2-1/2

[Event "Tourn. n9436"]
[Site "www.chess-mail.com"]
[Date "2017.08.01"]
[Round "1"]
[White "Hansen"]
[Black "Ztornad"]
[WhiteElo "1550"]
[BlackElo "1580"]
[Result "1-0"]
[Round "1"]
1.e4 e5
2.Bf1c4 Qd8f6
3.d3 Bf8c5
4.Qd1d2 Nb8c6
5.Ng1f3 h6
6.a3 d6
7.b4 Bc5b6
8.b5 Bb6a5
9.c3 Nc6d8
10.Bc1b2 Nd8e6
11.d4 exd4
12.Nf3xd4 Ne6xd4
13.Qd2d3 Nd4e6
14.Nb1d2 Ne6f4
{ time. }
1-0

[Event "Tourn. n9403"]
[Site "www.chess-mail.com"]
[Date "2017.08.01"]
[Round "1"]
[White "Madz123456"]
[Black "Gvladutz"]
[WhiteElo "1670"]
[BlackElo "1499"]
[Result "0-1"]
[Round "1"]
1.e4 c5
2.Ng1f3 d6
3.d4 cxd4
4.Nf3xd4 Ng8f6
5.Nb1c3 Nb8c6
6.Bc1g5 e6
7.Qd1d2 a6
8.O-O-O h6
9.Nd4xc6 bxc6
10.Bg5f4 d5
11.Qd2e3 Bf8b4
12.a3 Bb4a5
13.Qe3c5 Qd8b6
14.Qc5xb6 Ba5xb6
15.f3 O-O
16.Nc3a4 Bb6a7
17.Bf4d6 Rf8e8
18.Bf1d3 Nf6d7
19.Rh1e1 Ba7b8
20.e5 a5
21.b3 Re8d8
22.c4 Bc8a6
23.Kc2 Bb8xd6
24.exd6 Ra8a7
25.f4 Nd7f6
26.c5 Ba6xd3
27.Kxd3 Ra7b7
28.Rd1b1 Rd8b8
 { time }
0-1

[Event "Tourn. n9436"]
[Site "www.chess-mail.com"]
[Date "2017.08.01"]
[Round "1"]
[White "Hansen"]
[Black "Cal"]
[WhiteElo "1550"]
[BlackElo "1700"]
[Result "0-1"]
[Round "1"]
1.e4 e5
2.Bf1c4 Ng8f6
3.Qd1f3 a6
4.c3 c6
5.d4 d6
6.Bc1g5 Bf8e7
7.dxe5 dxe5
8.h4 b5
9.Bc4b3 Bc8b7
10.c4 c5
11.Nb1c3 b4
12.Ra1d1 Nb8c6
13.Rd1xd8 Ra8xd8
14.h5 Nf6d7
15.Ng1h3 Nc6d4
16.Qf3g4 f6
17.Bg5e3 O-O
18.Be3h6 Rf8f7
19.Bb3a4 Nd7b6
20.f4 Bb7xe4
21.Nc3xe4 Be7f8
22.Ba4d1 Kh8
23.fxe5 fxe5
24.Ne4xc5 Bf8xc5
25.Nh3g5 Rf7f4
26.Qg4g3 gxh6
27.Ng5h3 Rd8g8
28.Qg3e3 Nd4c2
29.Bd1xc2 Bc5xe3
30.Ke2 Rg8xg2
31.Kxe3 Nb6xc4
32.Kd3 Rg2d2
{ resign }
0-1

[Event "Tourn. n9436"]
[Site "www.chess-mail.com"]
[Date "2017.08.01"]
[Round "1"]
[White "Robinjut"]
[Black "Cal"]
[WhiteElo "1640"]
[BlackElo "1700"]
[Result "1-0"]
[Round "1"]
1.e4 e5
2.Ng1f3 d6
3.h3 a6
4.d3 h6
5.a3 c5
6.Nb1c3 Bc8e6
7.Bc1e3 b5
8.b4 Ng8f6
9.Bf1e2 Nb8c6
10.O-O Bf8e7
11.bxc5 dxc5
12.Nf3h4 O-O
13.f4 exf4
14.Be3xf4 Nc6d4
15.Bf4e5 b4
16.axb4 cxb4
17.Nc3a4 Nf6h7
18.c4 Be7c5
19.Na4xc5 a5
20.Nc5xe6 Nd4xe6
21.Nh4f5 f6
22.Be5d6 Rf8f7
23.Be2h5 Rf7d7
24.c5 Ne6g5
25.Qd1b3 Kh8
26.Ra1c1 Nh7f8
27.c6 Qd8b6
28.Kh1 Rd7d8
29.c7 Rd8c8
30.Nf5e7 a4
31.Qb3g8 
1-0

[Event "Tourn. n9386"]
[Site "www.chess-mail.com"]
[Date "2017.08.01"]
[Round "1"]
[White "Roque1"]
[Black "Falcoale"]
[WhiteElo "1940"]
[BlackElo "2040"]
[Result "0-1"]
[Round "1"]
1.e4 c5
2.Ng1f3 Nb8c6
3.Bf1b5 a6
4.Bb5c4 b5
5.Bc4d5 e6
6.Bd5xc6 dxc6
7.d3 Bc8b7
8.O-O Ng8f6
9.Bc1g5 h6
10.Bg5h4 Bf8e7
11.Nb1d2 O-O
12.Qd1e2 Rf8e8
13.c4 b4
14.Nd2b3 Nf6d7
15.Bh4g3 f6
16.Nf3h4 f5
17.Nh4g6 Be7f6
18.f4 Nd7f8
19.Qe2h5 Nf8xg6
20.Qh5xg6 Qd8xd3
21.Nb3xc5 Bf6d4
22.Bg3f2 Bd4xc5
23.Bf2xc5 Qd3xc4
24.Ra1c1 Qc4xe4
25.Rf1e1 Qe4d5
26.Bc5xb4 Qd5d4
27.Kh1 Qd4xb4
28.Rc1d1 Qb4xb2
29.Rd1d7 Ra8b8
30.Re1d1 Qb2f6
31.Qg6h5 Re8e7
32.h3 c5
33.Rd1d6 Re7xd7
34.Rd6xd7 Qf6a1
35.Kh2 Qa1f6
36.Rd7f7 Qf6xf7
{ resign }
0-1

[Event "Tourn. n9312"]
[Site "www.chess-mail.com"]
[Date "2017.08.01"]
[Round "1"]
[White "Winston"]
[Black "Redapond1"]
[WhiteElo "1890"]
[BlackElo "1700"]
[Result "1/2-1/2"]
[Round "1"]
1.e4 e5
2.Ng1f3 Nb8c6
3.Bf1c4 h6
4.d4 exd4
5.Nf3xd4 Nc6xd4
6.Qd1xd4 Qd8e7
7.Nb1c3 Ng8f6
8.Nc3d5 Nf6xd5
9.Bc4xd5 Qe7b4
10.Qd4xb4 Bf8xb4
11.c3 Bb4c5
12.Bc1f4 d6
13.O-O O-O
14.b4 Bc5b6
15.a4 c6
16.a5 Bb6c7
17.Bd5b3 Bc8e6
18.Bb3xe6 fxe6
19.Bf4g3 e5
20.f4 exf4
21.Bg3xf4 Ra8e8
22.Ra1e1 Re8e7
23.Re1e2 g5
24.Bf4g3 Rf8xf1
25.Kxf1 Re7f7
26.Re2f2 Rf7xf2
27.Kxf2 Kf7
28.Ke3 Kf6
29.Kd4 Ke6
30.c4 c5
31.bxc5 dxc5
32.Kxc5 b6
33.axb6 Bc7xb6
34.Kc6 h5
35.Bg3c7 Bb6g1
36.h3 Bg1f2
37.c5 h4
38.Bc7d6 a5
39.Kb5 Bf2e1
40.Bd6c7 Be1d2
41.Bc7xa5 Bd2f4
42.c6 Bf4d6
43.Ba5d8 Ke5
44.c7 Bd6xc7
45.Bd8xc7 Kxe4
46.Bc7d8 Kf5
47.Kc4 Kf4
48.Kd4 Kg3
49.Bd8xg5 { draw }
1/2-1/2

[Event "Tourn. n9425"]
[Site "www.chess-mail.com"]
[Date "2017.08.01"]
[Round "1"]
[White "Madz123456"]
[Black "Jackbauer"]
[WhiteElo "1940"]
[BlackElo "1870"]
[Result "0-1"]
[Round "1"]
1.e4 c5
2.Ng1f3 d6
3.d4 cxd4
4.Nf3xd4 e5
5.Bf1b5 Bc8d7
6.Bb5xd7 Qd8xd7
7.Nd4e2 Ng8f6
8.Nb1c3 Nb8c6
9.O-O O-O-O
10.Bc1g5 Bf8e7
11.Bg5xf6 Be7xf6
12.Nc3d5 Qd7e6
13.a4 g5
14.Ne2g3 h5
15.Ng3xh5 Rh8h6
16.Nh5xf6 Rh6xf6
17.Nd5xf6 Qe6xf6
18.Ra1a3 Kb8
 { time }
0-1

[Event "Tourn. n9410"]
[Site "www.chess-mail.com"]
[Date "2017.08.01"]
[Round "1"]
[White "Attatroll"]
[Black "Falcoale"]
[WhiteElo "2000"]
[BlackElo "2020"]
[Result "1-0"]
[Round "1"]
1.e4 c5
2.Nb1c3 Nb8c6
3.g4 e6
4.Bf1g2 Bf8e7
5.d3 Ng8f6
6.Ng1f3 d6
7.O-O O-O
8.h3 a6
9.Bc1e3 b6
10.Nf3g5 Nf6xg4
11.Qd1xg4 Nc6e5
12.Qg4h5 Be7xg5
13.Be3xg5 f6
14.Bg5e3 Ne5g6
15.f4 Ra8b8
16.Nc3e2 f5
17.exf5 Rf8xf5
18.Qh5g4 e5
19.Qg4g3 Bc8b7
20.fxe5 Rf5xf1
21.Kxf1 Bb7xg2
22.Kxg2 Ng6xe5
23.Ne2f4 Qd8e7
24.d4 cxd4
25.Be3f2 Rb8b7
26.Bf2xd4 g6
27.Ra1e1 Qe7f7
28.Bd4xe5 dxe5
29.Re1xe5 Rb7d7
30.Qg3e3 Rd7d8
31.Re5e7 Qf7f6
32.Qe3e6 Qf6xe6
33.Re7xe6 Rd8d2
34.Re6e2 Rd2d6
35.Kf3 Rd6f6
36.Kg4 h5
37.Kg5 Kf7
38.Re2e7 Kxe7
39.Nf4d5 { resign }
1-0

[Event "Match"]
[Site "www.echecsemail.com"]
[Date "2017.08.01"]
[Round "1"]
[White "Mitja"]
[Black "Bojan"]
[WhiteElo "2050"]
[BlackElo "2000"]
[Result "0-1"]
[Round "1"]
1.d4 d5
2.e3 Bc8f5
3.h3 Nb8c6
4.c3 Qd8d6
5.Nb1d2 Ng8f6
6.Ng1e2 e5
7.dxe5 Nc6xe5
8.Ne2d4 Bf5g6
9.Nd2f3 a6
10.Nf3xe5 Qd6xe5
11.b3 Bf8d6
12.Bc1b2 c5
13.Nd4f3 Qe5e7
14.Bf1e2 Ra8d8
15.O-O Nf6e4
16.Qd1c1 O-O
17.Rf1d1 Bd6c7
18.Nf3h2 Ne4g5
19.Be2f3 Bc7xh2
20.Kxh2 Ng5xf3
21.gxf3 Qe7h4
22.Rd1d2 Qh4h5
23.Qc1h1 Rf8e8
24.Ra1g1 c4
25.Rd2d4 f6
26.Rg1g3 Qh5f5
27.Qh1d1 Bg6f7
28.b4 Bf7e6
29.a3 h5
30.f4 Kh7
31.e4 Qf5xf4
32.exd5 Be6g4
33.hxg4 Qf4xf2
34.Rg3g2 Qf2h4
35.Kg1 Re8e1
36.Qd1xe1 Qh4xe1
37.Kh2 hxg4
38.Rd4xg4 g5
39.Rg4xc4 Rd8xd5
40.Rc4g4 Qe1e5
41.Rg4g3 Kg6
42.c4 Qe5e6
43.cxd5 Qe6xd5
44.Bb2c1 Qd5e5
45.Bc1e3 Kh5
46.Kh3 g4
47.Kh2 f5
48.Be3c5 Kg5
49.Kh1 Qe5h8
50.Rg2h2 Qh8a1
51.Bc5g1 f4
52.Rg3d3 f3
53.Rd3d5 Kf4
54.Rh2d2 Qa1e1
55.Rd5d4 Kg3
56.Rd2f2 Qe1a1
57.Rd4d3 Qa1h8
58.Rf2h2 Qh8a1
59.Rh2g2 Kh4
60.Rg2f2 Qa1e1
61.Rf2d2 Qe1f1
62.Rd2d1 Qf1g2
{ resign }
0-1

[Event "Match"]
[Site "www.echecsemail.com"]
[Date "2017.08.01"]
[Round "1"]
[White "Bjonil60"]
[Black "Samyaksamadh"]
[WhiteElo "1500"]
[BlackElo "1499"]
[Result "0-1"]
[Round "1"]
1.Nb1c3 Nb8c6
2.e3 b6
3.Qd1e2 Bc8b7
4.Ng1f3 g6
5.h3 Bf8g7
6.d3 e6
7.e4 Ng8e7
8.g3 O-O
9.Bf1g2 d5
10.exd5 Ne7xd5
11.Nc3xd5 Qd8xd5
12.b3 Bg7xa1
13.g4 Ba1c3
14.Kd1 Nc6d4
15.Qe2f1 Nd4xf3
16.Bg2xf3 Qd5xf3
17.Qf1e2 Qf3xh1
18.Qe2e1 Qh1xe1

0-1

[Event "Match"]
[Site "www.echecsemail.com"]
[Date "2017.08.01"]
[Round "1"]
[White "86eamon"]
[Black "52maurice"]
[WhiteElo "1590"]
[BlackElo "1550"]
[Result "1-0"]
[Round "1"]
1.e4 e5
2.Bf1c4 g6
3.b3 d6
4.Bc1b2 Nb8c6
5.f4 Ng8f6
6.fxe5 Nf6xe4
7.exd6 Rh8g8
8.Bc4d5 Ne4xd6
9.Bd5xc6 bxc6
10.Qd1f3 Ra8b8
11.Qf3xc6 Bc8d7
12.Qc6c5 Nd6b5
13.Qc5e5 Bd7e6
14.a4 Nb5d6
15.Qe5g3 Nd6e4
16.Qg3f4 Be6d5
17.Bb2e5 Bf8d6
18.Ng1h3 g5
19.Qf4f5 Rb8b4
20.Qf5xh7 Rg8f8
21.Be5g7 Ne4f6
22.Qh7f5 Rf8g8
23.Bg7xf6 Qd8b8
24.Qf5xd5 Qb8c8
25.Nh3xg5 Rg8g6
26.Qd5xf7 { resign }
1-0

[Event "Match"]
[Site "www.echecsemail.com"]
[Date "2017.08.01"]
[Round "1"]
[White "Cal"]
[Black "Osvalazo"]
[WhiteElo "1640"]
[BlackElo "1850"]
[Result "0-1"]
[Round "1"]
1.d4 e6
2.e4 Ng8f6
3.Bf1d3 Nb8c6
4.a3 Nc6xd4
5.Nb1c3 Bf8c5
6.b4 Bc5d6
7.Bc1b2 O-O
8.h3 a5
9.b5 b6
10.Ng1e2 Bd6c5
11.Nc3a2 e5
12.O-O d5
13.exd5 Qd8xd5
14.Na2c3 Qd5d7
15.f3 Nd4xe2
16.Kh2 Ne2xc3
17.Bb2xc3 Bc5d6
18.Bd3c4 e4
19.g3 Qd7xh3
20.Kg1 Qh3xg3
21.Kh1 Qg3h2
{ resign }
0-1

[Event "Match"]
[Site "www.echecsemail.com"]
[Date "2017.08.01"]
[Round "1"]
[White "Billyg"]
[Black "Sonny1000"]
[WhiteElo "1740"]
[BlackElo "1430"]
[Result "1-0"]
[Round "1"]
1.e4 e5
2.Ng1f3 f6
3.d4 Nb8c6
4.d5 Nc6b4
5.a3 a5
6.axb4 Bf8xb4
7.c3 Bb4c5
8.b4 Bc5xf2
9.Kxf2 a4
10.Ra1xa4 Ra8xa4
11.Qd1xa4 Ng8h6
12.Bf1e2 Nh6g4
13.Kg3 h5
14.h3 g5
15.hxg4 h4
16.Kf2 Qd8e7
17.Bc1a3 Kd8
18.b5 Qe7c5
19.Ba3xc5 h3
20.Rh1xh3 Rh8g8
21.Be2c4 d6
22.Bc5e3 Bc8xg4
23.Kg1 Rg8e8
24.Rh3h7 Re8e7
25.Rh7xe7 Kxe7
26.Nf3h2 b6
27.Qa4a7 Kd8
28.Nh2xg4 Kd7
29.Be3xb6 f5
30.Qa7xc7 Ke8
31.Ng4f6 Kf8
32.Nf6h5 Ke8
33.Nh5g3 fxe4
34.Ng3f5 Kf8
35.Qc7g7 Ke8
36.Qg7e7 { resign }
1-0

[Event "Match"]
[Site "www.echecsemail.com"]
[Date "2017.08.01"]
[Round "1"]
[White "Bojan"]
[Black "Mitja"]
[WhiteElo "2000"]
[BlackElo "2050"]
[Result "1-0"]
[Round "1"]
1.e4 d5
2.exd5 Qd8xd5
3.Nb1c3 Qd5d8
4.Ng1f3 c6
5.d4 h6
6.h3 e6
7.Bc1e3 Ng8f6
8.Bf1d3 Nb8d7
9.Qd1e2 Nd7b6
10.b3 Bf8b4
11.Be3d2 Nb6d5
12.Nc3xd5 Bb4xd2
13.Qe2xd2 Nf6xd5
14.c4 Nd5f6
15.O-O-O a6
16.Qd2b4 b5
17.Rh1e1 Qd8e7
18.Qb4a5 O-O
19.Nf3e5 Bc8b7
20.Bd3e2 Rf8c8
21.Kb1 Nf6d7
22.Qa5c3 Nd7xe5
23.dxe5 Rc8d8
24.Kb2 Rd8xd1
25.Re1xd1 Ra8d8
26.Rd1xd8 Qe7xd8
27.f4 bxc4
28.Be2xc4 Qd8c8
29.Qc3d3 c5
30.g3 a5
31.g4 Qc8c6
32.Bc4b5 Qc6g2
33.Ka3 Qg2d5
34.Qd3xd5 Bb7xd5
35.Ka4 Bd5g2
36.h4 Bg2f3
37.g5 hxg5
38.hxg5 f6
39.exf6 gxf6
40.g6 Kg7
41.Bb5d3 Bf3d5
42.Kxa5 f5
43.Kb5 Kxg6
44.Bd3e2 Kf7
45.Kxc5 Ke7
46.Be2c4 Bd5e4
47.Kb6 Kd6
48.a4 e5
49.fxe5 Kxe5
50.Kc5 f4
51.b4 Be4c2
52.a5 Ke4
53.a6 Bc2d3
54.a7 Bd3xc4
55.a8Q Ke3
56.Qa8e8 Kf2
57.Kxc4 f3
58.Kd3 Kg2
59.b5 f2
60.Qe8e2 Kg1
61.Qe2xf2 { resign }
1-0

[Event "Fast Game"]
[Site "www.echecsemail.com"]
[Date "2017.08.01"]
[Round "1"]
[White "Pellix84"]
[Black "Hennie4820"]
[WhiteElo "1660"]
[BlackElo "1680"]
[Result "1-0"]
[Round "1"]
1.d4 Ng8f6
2.Nb1c3 g6
3.Bc1g5 Bf8g7
4.e4 d6
5.f4 h6
6.Bg5h4 Nb8d7
7.Qd1f3 O-O
8.O-O-O c6
9.Bf1c4 b5
10.Bc4b3 a5
11.a4 Nd7b6
12.Ng1e2 h5
13.f5 Bc8d7
14.fxg6 e6
15.e5 dxe5
16.dxe5 { resign }
1-0

[Event "Tourn. n9417"]
[Site "www.chess-mail.com"]
[Date "2017.08.02"]
[Round "1"]
[White "Claymil"]
[Black "Winston"]
[WhiteElo "2050"]
[BlackElo "1900"]
[Result "1-0"]
[Round "1"]
1.c4 c5
2.Nb1c3 Nb8c6
3.g3 Ng8f6
4.Bf1g2 g6
5.e3 e6
6.Ng1e2 Bf8g7
7.O-O d5
8.cxd5 Nf6xd5
9.a3 O-O
10.b3 Nd5xc3
11.Ne2xc3 Qd8d3
12.Bg2e4 Qd3d8
13.Bc1b2 Bc8d7
14.Qd1c2 Nc6e5
15.Be4xb7 Ra8b8
16.Bb7g2 Bd7c6
17.Nc3e4 Bc6xe4
18.Bg2xe4 Ne5g4
19.Bb2xg7 Kxg7
20.h3 Ng4f6
21.Be4g2 Qd8b6
22.Ra1b1 Rf8d8
23.Rf1c1 Rd8d7
24.Qc2c3 Rb8d8
25.Rc1d1 Rd7d3
26.Qc3c2 Qb6d6
27.Rb1b2 Qd6a6
28.Bg2f1 { resign }
1-0

[Event "Tourn. n9427"]
[Site "www.chess-mail.com"]
[Date "2017.08.02"]
[Round "1"]
[White "Gvladutz"]
[Black "Goofy"]
[WhiteElo "2229"]
[BlackElo "2320"]
[Result "1-0"]
[Round "1"]
1.Ng1f3 d5
2.g3 c6
3.Bf1g2 Bc8g4
4.d3 e6
5.Nb1d2 Bf8d6
6.e4 Nb8d7
7.d4 Ng8e7
8.O-O Qd8b6
9.h3 Bg4h5
10.c4 Qb6a6
11.Qd1b3 dxe4
12.Nd2xe4 Bd6c7
13.Bc1d2 h6
14.Bd2b4 Ne7g8
15.Rf1e1 O-O-O
16.Ne4d6 Bc7xd6
17.Bb4xd6 Ng8f6
18.Qb3b4 Qa6b6
19.Qb4a3 a6
20.Nf3e5 Nd7xe5
21.dxe5 Nf6e8
22.Bd6c5 Qb6c7
23.b4 Qc7b8
24.b5 axb5
25.cxb5 cxb5
26.Bc5a7 Qb8a8
27.Ra1c1 Ne8c7
28.Rc1xc7 { resign }
1-0

[Event "Tourn. n9329"]
[Site "www.chess-mail.com"]
[Date "2017.08.02"]
[Round "1"]
[White "Fabos12"]
[Black "Castletyme"]
[WhiteElo "1880"]
[BlackElo "1850"]
[Result "1-0"]
[Round "1"]
1.d4 e6
2.c4 d5
3.cxd5 exd5
4.Ng1f3 Nb8c6
5.Bc1f4 Ng8f6
6.e3 a6
7.Nb1d2 Bc8g4
8.h3 Bg4h5
9.g4 Bh5g6
10.Ra1c1 Bf8b4
11.a3 Bb4xd2
12.Qd1xd2 O-O
13.Bf1d3 Nf6e4
14.Qd2c2 f5
15.Nf3e5 Bg6e8
16.Bd3xe4 fxe4
17.h4 Nc6xe5
18.Bf4xe5 c6
19.Qc2e2 Qd8a5
20.Kf1 c5
21.Kg2 Be8b5
22.Qe2c2 c4
23.Qc2c3 Qa5xc3
24.Rc1xc3 Bb5d7
25.g5 Bd7g4
26.Kg3 Bg4f3
27.Rh1c1 b5
28.Be5d6 Rf8f5
29.b3 a5
30.bxc4 bxc4
31.Rc1b1 h6
32.g6 Bf3h5
33.Rb1b7 Bh5xg6
34.Rc3c1 Kh7
35.Bd6e5 Rf5f7
36.Rc1b1 Ra8f8
37.Be5f4 Bg6f5
38.Rb1b5 Rf7xb7
39.Rb5xb7 c3
40.Rb7c7 Bf5e6
41.Bf4e5 Rf8f3
42.Kg2 Be6h3
43.Kg1 Bh3f5
44.Rc7xg7 { resign }
1-0

[Event "Tourn. n9329"]
[Site "www.chess-mail.com"]
[Date "2017.08.02"]
[Round "1"]
[White "Nulladies"]
[Black "Castletyme"]
[WhiteElo "1870"]
[BlackElo "1850"]
[Result "1-0"]
[Round "1"]
1.d4 e6
2.e4 d5
3.e5 Nb8c6
4.Ng1f3 h6
5.Bf1b5 Bc8d7
6.O-O Qd8e7
7.Nb1c3 O-O-O
8.Bc1e3 g5
9.Qd1d2 f6
10.Qd2d3 Nc6b4
11.Bb5xd7 Rd8xd7
12.Qd3e2 Qe7h7
13.Rf1c1 f5
14.a3 Nb4c6
15.b4 Nc6e7
16.Nc3a4 Ne7c6
17.Na4c5 Bf8xc5
18.dxc5 f4
19.Be3d2 Qh7e4
20.Qe2d3 Qe4xd3
21.cxd3 a6
22.Rc1b1 Nc6a7
23.Nf3d4 Rd7e7
24.b5 axb5
25.Nd4xb5 Na7xb5
26.Rb1xb5 c6
27.Rb5a5 Kc7
28.Ra5a7 Kb8
29.Ra7a4 h5
30.g3 fxg3
31.fxg3 Re7g7
32.Ra1f1 Ng8e7
33.Rf1f6 Rg7g6
34.Kg2 Rh8g8
35.Rf6f7 Rg6g7
36.Rf7xg7 Rg8xg7
37.Ra4b4 Ne7f5
38.a4 Kc7
39.Kf2 g4
40.Bd2f4 h4
41.a5 hxg3
42.hxg3 Rg7h7
43.Rb4a4 Rh7h2
44.Ke1 Rh2c2
45.a6 bxa6
46.Ra4xa6 Rc2xc5
47.Ra6a7 Kb6
48.Ra7a8 Kb7
49.Ra8e8 Nf5d4
50.Bf4e3 Nd4c2
51.Kd2 Nc2xe3
52.Kxe3 Rc5b5
53.Re8xe6 c5
54.Re6g6 d4
55.Ke4 { resign }
1-0

[Event "Tourn. n9425"]
[Site "www.chess-mail.com"]
[Date "2017.08.02"]
[Round "1"]
[White "Redabond"]
[Black "Madz123456"]
[WhiteElo "1640"]
[BlackElo "1900"]
[Result "1-0"]
[Round "1"]
1.d4 Ng8f6
2.Nb1c3 d5
3.Bc1f4 c6
4.e3 g6
5.Bf1d3 Nf6h5
6.Qd1f3 Bf8g7
7.O-O-O O-O
8.Ng1e2 Nh5xf4
9.Qf3xf4 Nb8d7
10.e4 e5
11.dxe5 Bg7xe5
12.Qf4h6 d4
13.Nc3a4 b5
14.Na4c3 dxc3
15.Ne2xc3 Qd8f6
16.g3 Be5xc3
17.bxc3 Qf6xc3
18.h4 Nd7c5
19.e5 Nc5xd3
20.Rd1xd3 Qc3a1
21.Kd2 Qa1xh1
22.Rd3d6 Bc8g4
23.Qh6f4 h5
24.Rd6xc6 Qh1xc6
25.c3 Qc6d5
26.Kc2 Qd5xa2
27.Kd3 Ra8d8
28.Ke3  { time }
1-0

[Event "Tourn. n9434"]
[Site "www.chess-mail.com"]
[Date "2017.08.02"]
[Round "1"]
[White "Astroboy"]
[Black "Prize64"]
[WhiteElo "2200"]
[BlackElo "2130"]
[Result "1-0"]
[Round "1"]
1.c4 Ng8f6
2.Nb1c3 g6
3.d4 Bf8g7
4.e4 d6
5.f3 O-O
6.Bc1e3 e5
7.d5 c6
8.g4 cxd5
9.cxd5 Bc8xg4
10.fxg4 h5
11.g5 Nf6g4
12.Be3c1 f6
13.h3 fxg5
14.hxg4 Qd8f6
15.Ng1h3 hxg4
16.Qd1xg4 Nb8a6
17.Bc1xg5 Qf6f7
18.O-O-O  { time }
1-0

[Event "Tourn. n9393"]
[Site "www.chess-mail.com"]
[Date "2017.08.02"]
[Round "1"]
[White "Castletyme"]
[Black "Falcoale"]
[WhiteElo "1990"]
[BlackElo "2020"]
[Result "0-1"]
[Round "1"]
1.e4 c5
2.Ng1f3 e6
3.d3 Nb8c6
4.c3 b6
5.Bf1e2 Bc8b7
6.O-O d5
7.Bc1g5 Bf8e7
8.Bg5xe7 Ng8xe7
9.Nb1d2 O-O
10.Rf1e1 Ne7g6
11.Nd2f1 Ng6f4
12.exd5 Nf4xe2
13.Qd1xe2 Qd8xd5
14.Nf1g3 Ra8d8
15.Re1d1 e5
16.Ng3e4 f5
17.Ne4g5 Rf8e8
18.Qe2f1 h6
19.Ng5h3 Qd5f7
20.Kh1 Bb7a6
21.Nf3e1 e4
22.Nh3f4 exd3
23.Qf1g1 d2
24.Ne1f3 Ba6e2
25.Nf4xe2 Re8xe2
26.Qg1f1 Qf7e6
27.b3 g5
28.h3 g4
{ resign }
0-1

[Event "Tourn. n9441"]
[Site "www.chess-mail.com"]
[Date "2017.08.02"]
[Round "1"]
[White "Prize64"]
[Black "Guidom"]
[WhiteElo "2040"]
[BlackElo "2070"]
[Result "0-1"]
[Round "1"]
1.e4 e5
2.Ng1f3 Nb8c6
3.Bf1c4 d6
4.c3 Bf8e7
5.d3 Ng8f6
6.O-O O-O
7.Rf1e1 Bc8g4
8.h3 Bg4h5
9.Bc4b3 Qd8d7
10.Nb1d2 a5
11.a4 b6
 { time }
0-1

[Event "Tourn. n9393"]
[Site "www.chess-mail.com"]
[Date "2017.08.02"]
[Round "1"]
[White "Falcoale"]
[Black "Bojan"]
[WhiteElo "2030"]
[BlackElo "1940"]
[Result "1/2-1/2"]
[Round "1"]
1.e4 e5
2.Ng1f3 d6
3.Bf1c4 Nb8c6
4.O-O Qd8f6
5.d3 Bc8g4
6.Nb1d2 h6
7.h3 Bg4d7
8.a3 Nc6d4
9.Nf3xd4 Qf6g6
10.Nd4f5 Ng8e7
11.Nf5g3 f5
12.f4 Qg6xg3
13.fxe5 dxe5
14.Rf1f3 Qg3g6
15.Nd2f1 Ne7c6
16.Nf1e3 f4
17.Ne3d5 Bf8d6
18.c3 Nc6a5
19.Bc4a2 c6
20.Nd5b4 b6
21.Nb4c2 Qg6f6
22.b4 Na5b7
23.Bc1b2 a5
24.Qd1f1 axb4
25.cxb4 g5
26.d4 Rh8g8
27.dxe5 Bd6xe5
28.Bb2xe5 Qf6xe5
29.Ba2xg8 Kd8
30.Bg8h7 Kc7
31.Ra1d1 c5
32.Qf1d3 Ra8d8
33.Qd3d5 Qe5h8
34.Qd5f7 Kc8
35.Rf3d3 Bd7a4
36.Bh7f5 Kb8
37.Rd3xd8 Nb7xd8
38.Qf7c4 Kc7
39.Rd1d7 Ba4xd7
40.Bf5xd7 Kxd7
41.bxc5 Qh8f6
42.cxb6 Qf6xb6
43.Qc4d4 Kc6
44.Nc2b4 Kb5
45.Qd4xb6 Kxb6
46.Kf2 Nd8f7
47.Ke2 Kb5
48.Kd3 h5
49.Kd4 g4
50.hxg4 hxg4
51.Nb4d3 f3
52.gxf3 gxf3
53.Nd3f2 Ka4
54.e5 Nf7xe5
{ draw }
1/2-1/2

[Event "Tourn. n9457"]
[Site "www.chess-mail.com"]
[Date "2017.08.02"]
[Round "1"]
[White "Jazzy"]
[Black "Francesco"]
[WhiteElo "2200"]
[BlackElo "2120"]
[Result "1-0"]
[Round "1"]
1.d4 d5
2.c4 c6
3.Ng1f3 Bc8g4
4.Nb1c3 Bg4xf3
5.exf3 Ng8f6
6.Bf1e2 e6
7.Qd1b3 Qd8c7
8.Bc1f4 Qc7c8
9.O-O Nb8d7
10.cxd5 exd5
11.Nc3b5 cxb5
12.Be2xb5 a6
13.Ra1c1 Qc8d8
14.Rf1e1 Bf8e7
15.Bf4d6 axb5
16.Bd6xe7 Qd8b6
17.Be7c5 { resign }
1-0

[Event "Tourn. n9462"]
[Site "www.chess-mail.com"]
[Date "2017.08.02"]
[Round "1"]
[White "Falcoale"]
[Black "Goofy"]
[WhiteElo "2060"]
[BlackElo "2290"]
[Result "0-1"]
[Round "1"]
1.e4 d5
2.exd5 Ng8f6
3.c4 c6
4.dxc6 Nb8xc6
5.Ng1f3 e5
6.d3 e4
7.dxe4 Qd8xd1
8.Kxd1 Nf6xe4
9.Bc1e3 Bc8f5
10.Nb1d2 O-O-O
11.h3 Bf8b4
12.a3 Bb4xd2
13.Nf3xd2 Rd8xd2
14.Be3xd2 Ne4xf2
15.Kc1 Nc6d4
16.Rh1g1 Nd4b3
{ resign }
0-1

[Event "Match"]
[Site "www.echecsemail.com"]
[Date "2017.08.02"]
[Round "1"]
[White "Ranjachess"]
[Black "Rindrandria"]
[WhiteElo "1790"]
[BlackElo "1760"]
[Result "1-0"]
[Round "1"]
1.d4 Ng8f6
2.Nb1c3 b5
3.e4 Bc8a6
4.a3 b4
5.Bf1xa6 bxc3
6.Ba6b7 Nb8c6
7.Bb7xa8 Qd8xa8
8.d5 Nf6xe4
9.dxc6 Qa8xc6
10.Ng1f3 Qc6f6
11.b4 Qf6e6
12.O-O Qe6a6
13.Qd1d4 f5
14.Bc1f4 Qa6c8
15.Qd4xa7 d6
16.b5 e5
17.Bf4g5 h6
18.Bg5e3 f4
19.b6 fxe3
20.b7 exf2
21.Rf1xf2 Qc8e6
22.b8Q Ke7
23.Qa7xc7 { resign }
1-0

[Event "Tourn. n9434"]
[Site "www.chess-mail.com"]
[Date "2017.08.03"]
[Round "1"]
[White "Falcoale"]
[Black "Astroboy"]
[WhiteElo "2050"]
[BlackElo "2200"]
[Result "0-1"]
[Round "1"]
1.e4 c6
2.Ng1f3 d5
3.exd5 cxd5
4.d4 Nb8c6
5.Bc1e3 Bc8g4
6.h3 Bg4h5
7.Bf1e2 Ng8f6
8.O-O e6
9.Be3g5 Bf8e7
10.Nb1c3 O-O
11.a3 h6
12.Bg5e3 Ra8c8
13.Qd1d2 a6
14.Ra1d1 b5
15.Nf3h2 Bh5g6
16.Nh2g4 Nf6xg4
17.Be2xg4 Nc6a5
18.Rf1e1 Na5c4
19.Qd2c1 Nc4xa3
20.bxa3 Rc8xc3
21.Rd1d2 Be7xa3
22.Qc1a1 b4
23.Bg4d1 Qd8c7
24.Rd2e2 Bg6xc2
25.Bd1xc2 Rc3xc2
26.Qa1d1 Rf8c8
27.Re2xc2 Qc7xc2
28.Qd1g4 b3
29.Be3xh6 Ba3f8
30.Re1c1 Qc2xc1
31.Bh6xc1 Rc8xc1
32.Kh2 b2
{ resign }
0-1